000 01729cam a22004574i 4500
003 PE-LiUPU
005 20250731173259.0
008 150625s r 000 0 d
020 _a0816320578
035 _a(Sirsi) i9780816320578
040 _aPE-LiUPU
_bspa
_cPE-LiUPU
_erda
049 _aPRUA
082 0 4 _a286.7092
_bB81
_221
100 1 _aBrand, Leonard,
_eautor.
245 1 4 _aThe prophet and her critics /
_cLeonard Brand.
264 1 _aNampa, Idaho :
_bPacific Press Publishing Association,
_c2005.
300 _a127 :
_bilustraciones, foto, gráfs ;
_c23 cm.
336 _atext
_2rdacontent
337 _aunmediated
_2rdamedia
338 _avolume
_2rdacarrier
505 0 _aReasons for a New Response. -The White Lie, by Walte Rea. -A Failed Prophecy?. -Prophetess of Health, by Ronald Numbers. -The Test. -Ellen G. white and Principles of Sexual Relationships. -Conclusiones.
526 _aSEG42
526 _aSEG41
526 _aSEG40
526 _aSEG39
526 _aP94
526 _aP87
526 _aP86
526 _aP85
526 _aP77
526 _aP76
526 _aP35
600 1 _aWhite, Elena G. de.
_d1827-1915
_xCrítica interpretación, etc.
650 0 4 _aIASD
_xTrabajos doctrinales y controversiales.
942 _2ddc
_cBOOK
949 _a286.7092 B81
_wDEWEY
_c1
_i53981
_lCCODEBUL1
_mBUL
_p115.00
_r0
_sY
_tBOOK
_u2015-6-25
_xBIBLIOTECA
_zUNKNOWN
_0COMPRA
_o.STAFF. Colección General
994 _aC0
_bPEPRU
596 _a1
999 _a286.7092 B81
_wDEWEY
_c44057
_i53981
_d44057
_f2021-11-11
_g6
_lCCODEBUL1
_mBUL
_p115.00
_q1
_r0
_sY
_tBOOK
_u2015-6-25
_xTEOLOGIA
_zUNKNOWN
_0COMPRA
_o.STAFF. Colección General
980 _81
_gALBERTO SANCHEZ Responsable de Automatización